000 00699nam a2200205Ia 4500
003 GCL
008 140319s9999 xx 000 0 ara d
040 _aGCL /
_cGCL
082 0 4 _a811.009
_bس ل
100 1 _aالسعيد الورقى
245 1 0 _aلغة الشعر العربى الحديث مقوماتها الفنية وطاقاتها الابداعية /
_cالسعيد الورقى
260 _a[S.N] :
_bدار النهضة العربية ،
_c1984
300 _a372 ص
490 _a
650 0 4 _aالشعر العربى
650 0 4 _aالاوزان الشعرية
650 0 4 _aالتفعيلات الشعرية
650 0 4 _aالعروض والقوافى
942 _2ddc
_cBK
999 _c37293
_d37293